| 000 | 00899nam a22002057a 4500 | ||
|---|---|---|---|
| 999 |
_c63922 _d63922 |
||
| 005 | 20260220124705.0 | ||
| 008 | 260220s2006 enk||||| |||| 00| 0 eng d | ||
| 020 | _a9789996002557x | ||
| 041 | _aeng | ||
| 080 | _a616 S-67 | ||
| 245 |
_aSleisenger & Fordtran's gastrointestinal and liver disease : _bpathophysiology, diagnosis, management. Volume 1 / _cEdited by Feldman Mark, Friedman, Lawrence S., Brandt, Lawrence J. |
||
| 264 |
_aNew York : _bSaunders, _c2006. |
||
| 300 |
_a1540 p. : _bill.; _c28 cm. |
||
| 653 | _aკუჭ-ნაწლავის და ღვიძლის დაავადება | ||
| 653 | _aმედიცინა | ||
| 700 |
_aFeldman, Mark _eრედაქტორი _926937 |
||
| 700 |
_a Friedman, Lawrence S. _eრედაქტორი _926938 |
||
| 700 |
_a Brandt, Lawrence J. _eრედაქტორი _926939 |
||
| 942 |
_2udc _cᲬᲘᲒᲜᲘ |
||